হবীবুল্লাহ বাহার, ১৯০৬-১৯৬৬ / (Record no. 26398)
[ view plain ]
| 000 -LEADER | |
|---|---|
| fixed length control field | 00930nam a22002297a 4500 |
| 003 - CONTROL NUMBER IDENTIFIER | |
| control field | BDDh-ASL |
| 005 - DATE AND TIME OF LATEST TRANSACTION | |
| control field | 20231016062614.0 |
| 008 - FIXED-LENGTH DATA ELEMENTS--GENERAL INFORMATION | |
| fixed length control field | 201114s1987 b ||||| |||| 00| 0 b d |
| 040 ## - CATALOGING SOURCE | |
| Original cataloging agency | BDDh-ASL |
| Transcribing agency | BDDh-ASL |
| 041 ## - LANGUAGE CODE | |
| Language code of text/sound track or separate title | ben |
| 082 ## - DEWEY DECIMAL CLASSIFICATION NUMBER | |
| Classification number | 928.9144 |
| Item number | SHH |
| 100 1# - MAIN ENTRY--PERSONAL NAME | |
| 9 (RLIN) | 1764 |
| Personal name | শামসুদ্দীন, আবু জাফর |
| 245 10 - TITLE STATEMENT | |
| Title | হবীবুল্লাহ বাহার, ১৯০৬-১৯৬৬ / |
| 246 ## - VARYING FORM OF TITLE | |
| Title proper/short title | Habibullah Bahar |
| 260 ## - PUBLICATION, DISTRIBUTION, ETC. | |
| Place of publication, distribution, etc. | ঢাকা: |
| Name of publisher, distributor, etc. | বাংলা একাডেমি, |
| Date of publication, distribution, etc. | ১৯৮৭। |
| 300 ## - PHYSICAL DESCRIPTION | |
| Extent | ৬১ পৃষ্ঠা, : |
| Dimensions | ২২ সে. মি. |
| 440 ## - SERIES STATEMENT/ADDED ENTRY--TITLE | |
| 9 (RLIN) | 4691 |
| Title | জীবনী গ্রন্থমালা |
| 504 ## - BIBLIOGRAPHY, ETC. NOTE | |
| Bibliography, etc. note | গ্রন্থপঞ্জি সংযুক্ত । |
| 600 10 - SUBJECT ADDED ENTRY--PERSONAL NAME | |
| 9 (RLIN) | 4416 |
| Personal name | বাহার, হাবিবউল্লাহ্ |
| 650 #0 - SUBJECT ADDED ENTRY--TOPICAL TERM | |
| Topical term or geographic name entry element | biographical dictionary - চরিতাভিধান |
| 9 (RLIN) | 4665 |
| 942 ## - ADDED ENTRY ELEMENTS (KOHA) | |
| Source of classification or shelving scheme | Dewey Decimal Classification |
| Koha item type | Books |
| Withdrawn status | Lost status | Source of classification or shelving scheme | Damaged status | Not for loan | Collection code | Home library | Current library | Shelving location | Date acquired | Source of acquisition | Total Checkouts | Full call number | Barcode | Date last seen | Copy number | Price effective from | Koha item type |
|---|---|---|---|---|---|---|---|---|---|---|---|---|---|---|---|---|---|
| Dewey Decimal Classification | Non-fiction | Asiatic Society Library | Asiatic Society Library | General Stacks | 10/08/2021 | Donated by Prof. (Dr.) M. Abdul Qayyum & Dr. Razia Sultana | 928.9144 SHH | 112416 | 10/08/2021 | C-1 | 10/08/2021 | Books |